Признанные науки - Армагеддон - Statistics

General Stats
  • This quiz has been taken 54 times
  • The average score is 6 of 16
Answers on the Grid
Answers color-coded by a green-red scale on the quiz's grid according to % correct below.
Генетика
Политология
Орнитология
Френология
Психолингвистика
Расология
Саентология
Макроэкономика
Микроэкономика
Театроведение
Параистория
Родология
Маммология
Схоластика
Семиотика
Гомеопатия
Уфология
Телепатия
Месмеризм
Каббала
Кибернетика
НПЛ
Альгология
Медиевистика
Собриология
Танатология
Неорганическая химия
Эквилибристика
Метонимия
Новая хронология
Геронтология
Этология
 
Answer Stats
Answer % Correct
Генетика
90%
Политология
79%
Орнитология
69%
Макроэкономика
56%
Микроэкономика
52%
Маммология
52%
Кибернетика
50%
Неорганическая химия
42%
Психолингвистика
35%
Геронтология
29%
Театроведение
25%
Семиотика
13%
Этология
8%
Альгология
6%
Медиевистика
6%
Танатология
4%
No matching quizzes found
Score Distribution
Percent of People with Each Score
Percentile by Number Answered
Your Score History
You have not taken this quiz